| 000 | 00379nam a22001337a 4500 | ||
|---|---|---|---|
| 082 |
_a516.13 _bNIC _cL-2, P-13 |
||
| 100 |
_aT.B. Nichols _939397 |
||
| 245 |
_aGeometry of construction _cT.B.Nichols |
||
| 260 |
_aLondon _bCleaver Hume Press Ltd _c1948 |
||
| 300 |
_a213 p. : _bill, ; _c20 cm. |
||
| 526 |
_a0 _b0 _c0 _d516_130000000000000_NIC |
||
| 650 |
_aMCE _9379 |
||
| 942 |
_2ddc _cBK |
||
| 999 |
_c543897 _d543897 |
||